000 00305nam a22001337a 4500
008 181022b xxu||||| |||| 00| 0 eng d
020 _a0801829240
041 _aeng
080 _a940
100 _a16
101 _aSHH
245 _aCommunity and Social Change in America
_cBender,Th
942 _2udc
_cBK
999 _c50360
_d50360